[Event "Torneo Aficionados Sub-2000 Utiel"]
[Site "Utiel, Spain"]
[Date "2018.08.26"]
[Round "6.5"]
[White "Perez Garcia, Juan Angel"]
[Black "Gimenez Sanchis, Fco. Andres"]
[Result "1/2-1/2"]
[WhiteElo "1954"]
[BlackElo "1971"]
[PlyCount "135"]
[EventDate "2018.??.??"]

1. d4 {[%clk 00:07:03]  [%emt 00:00:04]} 1... d5 {[%clk 00:07:08]} 2. Bf4 {
[%clk 00:07:05]  [%emt 00:00:12]} 2... e6 {[%clk 00:07:09]} 3. e3 {
[%clk 00:07:06]} 3... c5 {[%clk 00:07:11]} 4. c3 {
[%clk 00:07:03]  [%emt 00:00:04]} 4... Nc6 {[%clk 00:07:08]  [%emt 00:00:07]}
5. Nf3 {[%clk 00:06:52]  [%emt 00:00:06]} 5... Bd6 {
[%clk 00:07:07]  [%emt 00:00:10]} 6. Bg3 {[%clk 00:06:53]} 6... cxd4 {
[%clk 00:07:00]  [%emt 00:00:09]} 7. exd4 {[%clk 00:06:53]  [%emt 00:00:03]}
7... Nf6 {[%clk 00:06:57]  [%emt 00:00:07]} 8. Bd3 {
[%clk 00:06:37]  [%emt 00:00:17]} 8... a6 {[%clk 00:06:37]  [%emt 00:00:43]} 9.
Nbd2 {[%clk 00:06:32]} 9... h6 {[%clk 00:06:20]  [%emt 00:00:07]} 10. Ne5 {
[%clk 00:06:15]  [%emt 00:00:20]} 10... Qc7 {[%clk 00:05:13]  [%emt 00:01:18]}
11. f4 {[%clk 00:06:11]  [%emt 00:00:03]} 11... b5 {
[%clk 00:04:55]  [%emt 00:00:17]} 12. O-O {[%clk 00:06:05]  [%emt 00:00:10]}
12... Bb7 {[%clk 00:04:03]  [%emt 00:00:53]} 13. Rc1 {
[%clk 00:06:01]  [%emt 00:00:32]} 13... Qb6 {[%clk 00:04:01]  [%emt 00:00:06]}
14. Kh1 {[%clk 00:05:55]} 14... h5 {[%clk 00:03:53]} 15. f5 {
[%clk 00:05:19]  [%emt 00:00:33]} 15... h4 {[%clk 00:03:38]  [%emt 00:00:18]}
16. Bf2 {[%clk 00:04:47]  [%emt 00:00:36]} 16... exf5 {
[%clk 00:03:17]  [%emt 00:00:31]} 17. Bxf5 {[%clk 00:04:34]  [%emt 00:00:07]}
17... h3 {[%clk 00:03:09]  [%emt 00:00:16]} 18. Bxh3 {
[%clk 00:03:59]  [%emt 00:00:38]} 18... Rxh3 {[%clk 00:02:52]  [%emt 00:00:42]}
19. Nxc6 {[%clk 00:03:33]  [%emt 00:00:13]} 19... Rxh2+ {
[%clk 00:02:36]  [%emt 00:00:12]} 20. Kg1 {[%clk 00:03:35]  [%emt 00:00:04]}
20... Qxc6 {[%clk 00:02:32]  [%emt 00:00:04]} 21. Re1+ {
[%clk 00:03:36]  [%emt 00:00:03]} 21... Kf8 {[%clk 00:02:35]} 22. Nf3 {
[%clk 00:03:38]} 22... Rh8 {[%clk 00:02:19]  [%emt 00:00:17]} 23. Ne5 {
[%clk 00:03:18]  [%emt 00:00:26]} 23... Bxe5 {[%clk 00:02:13]  [%emt 00:00:06]}
24. Rxe5 {[%clk 00:03:17]  [%emt 00:00:32]} 24... Re8 {
[%clk 00:02:02]  [%emt 00:00:03]} 25. Rxe8+ {[%clk 00:02:30]  [%emt 00:00:33]}
25... Qxe8 {[%clk 00:02:03]  [%emt 00:00:10]} 26. Qf3 {
[%clk 00:02:26]  [%emt 00:00:08]} 26... Ne4 {[%clk 00:02:03]} 27. Be3 {
[%clk 00:02:13]  [%emt 00:00:14]} 27... Bc8 {[%clk 00:01:36]  [%emt 00:00:26]}
28. Rf1 {[%clk 00:02:06]  [%emt 00:00:41]} 28... Be6 {[%clk 00:01:38]} 29. Bf4
{[%clk 00:01:57]  [%emt 00:00:04]} 29... Kg8 {[%clk 00:01:32]} 30. Re1 {
[%clk 00:01:54]  [%emt 00:00:17]} 30... Qe7 {[%emt 00:00:15]} 31. Qd3 {
[%clk 00:01:14]  [%emt 00:00:08]} 31... Qh4 {[%clk 00:01:29]  [%emt 00:00:06]}
32. Rxe4 {[%clk 00:01:16]  [%emt 00:00:03]} 32... dxe4 {
[%clk 00:01:23]  [%emt 00:00:08]} 33. Qxe4 {[%clk 00:01:17]  [%emt 00:00:03]}
33... Qh1+ {[%clk 00:01:20]  [%emt 00:00:05]} 34. Kf2 {
[%clk 00:01:18]  [%emt 00:00:04]} 34... Qd1 {[%clk 00:00:35]  [%emt 00:00:43]}
35. Qa8+ {[%clk 00:01:14]  [%emt 00:00:12]} 35... Kh7 {
[%clk 00:00:36]  [%emt 00:00:04]} 36. Qe4+ {[%clk 00:01:15]} 36... g6 {
[%clk 00:00:34]  [%emt 00:00:04]} 37. Be5 {[%clk 00:01:11]  [%emt 00:00:06]}
37... Qd2+ {[%clk 00:00:24]  [%emt 00:00:12]} 38. Kg1 {
[%clk 00:01:03]  [%emt 00:00:09]} 38... Qd1+ {[%clk 00:00:24]  [%emt 00:00:15]}
39. Kf2 {[%clk 00:01:04]} 39... Qg4 {[%clk 00:00:22]  [%emt 00:00:10]} 40. Qxg4
{[%clk 00:00:41]  [%emt 00:00:11]} 40... Bxg4 {[%clk 00:00:24]  [%emt 00:00:11]
} 41. Bxh8 {[%clk 00:00:41]} 41... Kxh8 {[%clk 00:00:26]} 42. b3 {
[%clk 00:00:40]} 42... Be6 {[%clk 00:00:26]} 43. Ke3 {
[%clk 00:00:40]  [%emt 00:00:10]} 43... f5 {[%clk 00:00:29]  [%emt 00:00:05]}
44. Kf4 {[%clk 00:00:42]} 44... Kg7 {[%clk 00:00:31]} 45. Ke5 {[%clk 00:00:44]}
45... Kf7 {[%clk 00:00:33]} 46. d5 {[%clk 00:00:45]} 46... Bd7 {
[%clk 00:00:36]  [%emt 00:00:04]} 47. c4 {[%clk 00:00:47]} 47... bxc4 {
[%clk 00:00:37]} 48. bxc4 {[%clk 00:00:50]} 48... g5 {[%clk 00:00:38]} 49. c5 {
[%clk 00:00:52]} 49... Bb5 {[%clk 00:00:40]  [%emt 00:00:04]} 50. Kxf5 {
[%clk 00:00:49]  [%emt 00:00:20]} 50... Bc4 {[%clk 00:00:42]} 51. Kxg5 {
[%clk 00:00:47]} 51... Bxd5 {[%clk 00:00:44]} 52. Kf4 {[%clk 00:00:40]} 52...
Bxa2 {[%clk 00:00:45]  [%emt 00:00:04]} 53. Ke4 {
[%clk 00:00:41]  [%emt 00:00:03]} 53... Ke6 {[%clk 00:00:47]} 54. Kd4 {
[%clk 00:00:43]} 54... Bd5 {[%clk 00:00:48]  [%emt 00:00:03]} 55. Kc3 {
[%clk 00:00:44]} 55... Bxg2 {[%clk 00:00:50]  [%emt 00:00:04]} 56. Kb4 {
[%clk 00:00:46]} 56... Kd7 {[%clk 00:00:48]  [%emt 00:00:07]} 57. Ka3 {
[%clk 00:00:48]  [%emt 00:00:06]} 57... Kc6 {[%clk 00:00:50]} 58. Ka2 {
[%clk 00:00:49]} 58... Kb5 {[%clk 00:00:52]} 59. c6 {[%clk 00:00:51]} 59... Bh3
{[%clk 00:00:53]} 60. c7 {[%clk 00:00:53]} 60... Bc8 {[%clk 00:00:56]} 61. Ka1
{[%clk 00:00:55]  [%emt 00:00:04]} 61... Ka4 {[%clk 00:00:58]} 62. Kb2 {
[%clk 00:00:55]  [%emt 00:00:06]} 62... Kb4 {[%clk 00:01:00]} 63. Ka1 {
[%clk 00:00:57]} 63... Ka3 {[%clk 00:01:03]} 64. Kb1 {[%clk 00:00:59]} 64... a5
{[%clk 00:01:04]} 65. Ka1 {[%clk 00:01:01]} 65... a4 {[%clk 00:01:07]} 66. Kb1
{[%clk 00:01:03]  [%emt 00:00:06]} 66... Kb3 {[%clk 00:01:08]} 67. Ka1 {
[%clk 00:01:05]  [%emt 00:00:05]} 67... a3 {[%clk 00:01:10]} 68. Kb1 {
[%clk 00:01:07]} 1/2-1/2

[Event "Torneo Aficionados Sub-2000 Utiel"]
[Site "Utiel, Spain"]
[Date "2018.08.26"]
[Round "6.6"]
[White "Capella Gimenez, Jose M"]
[Black "Minguez Piquer, Joaquim"]
[Result "1-0"]
[WhiteElo "1997"]
[BlackElo "1786"]
[PlyCount "47"]
[EventDate "2018.??.??"]

1. d4 {[%clk 00:07:01]} 1... Nf6 {[%clk 00:07:02]} 2. c4 {[%clk 00:07:03]} 2...
d5 {[%clk 00:06:59]} 3. cxd5 {[%clk 00:07:04]} 3... Nxd5 {[%clk 00:06:58]} 4.
Nf3 {[%clk 00:07:06]  [%emt 00:00:10]} 4... e6 {
[%clk 00:06:51]  [%emt 00:00:36]} 5. e4 {[%clk 00:07:04]} 5... Nb6 {
[%clk 00:06:50]} 6. Nc3 {[%clk 00:07:04]  [%emt 00:00:07]} 6... c5 {
[%clk 00:06:37]} 7. Be3 {[%clk 00:06:27]  [%emt 00:00:21]} 7... cxd4 {
[%clk 00:06:09]  [%emt 00:00:40]} 8. Bxd4 {[%clk 00:06:24]  [%emt 00:00:08]}
8... Nc6 {[%clk 00:05:58]  [%emt 00:00:11]} 9. Bb5 {
[%clk 00:06:20]  [%emt 00:00:03]} 9... Bd7 {[%clk 00:05:55]  [%emt 00:00:08]}
10. O-O {[%clk 00:06:12]  [%emt 00:00:16]} 10... Nxd4 {
[%clk 00:05:35]  [%emt 00:00:14]} 11. Nxd4 {[%clk 00:05:53]  [%emt 00:00:24]}
11... Be7 {[%clk 00:04:48]  [%emt 00:00:53]} 12. Re1 {
[%clk 00:04:47]  [%emt 00:01:03]} 12... O-O {[%clk 00:04:44]  [%emt 00:00:32]}
13. Qh5 {[%clk 00:03:54]  [%emt 00:00:30]} 13... g6 {
[%clk 00:04:07]  [%emt 00:00:40]} 14. Qe2 {[%clk 00:03:40]  [%emt 00:00:42]}
14... e5 {[%clk 00:03:29]  [%emt 00:00:24]} 15. Nf3 {
[%clk 00:03:28]  [%emt 00:00:07]} 15... Bf6 {[%clk 00:03:21]  [%emt 00:00:37]}
16. Rad1 {[%clk 00:03:28]} 16... Qe7 {[%clk 00:03:21]} 17. Bxd7 {
[%clk 00:03:20]} 17... Nxd7 {[%clk 00:03:23]} 18. Nd5 {
[%clk 00:03:18]  [%emt 00:00:04]} 18... Qc5 {[%clk 00:02:35]  [%emt 00:00:47]}
19. b4 {[%clk 00:03:08]  [%emt 00:00:14]} 19... Qc6 {
[%clk 00:02:13]  [%emt 00:00:24]} 20. Rc1 {[%clk 00:02:14]  [%emt 00:00:56]}
20... Qd6 {[%clk 00:01:53]  [%emt 00:00:22]} 21. Red1 {
[%clk 00:02:14]  [%emt 00:00:07]} 21... Bg7 {[%clk 00:01:39]  [%emt 00:00:13]}
22. Nc7 {[%clk 00:02:07]  [%emt 00:00:10]} 22... Qe7 {
[%clk 00:01:20]  [%emt 00:00:22]} 23. Nxa8 {[%clk 00:02:05]  [%emt 00:00:15]}
23... Rxa8 {[%clk 00:01:22]} 24. Rc7 {[%clk 00:01:59]  [%emt 00:00:04]} 1-0

[Event "Torneo Aficionados Sub-2000 Utiel"]
[Site "Utiel, Spain"]
[Date "2018.08.26"]
[Round "7.1"]
[White "Buenafe Moya, Jesus"]
[Black "Carbonell Sancho, Marc"]
[Result "0-1"]
[WhiteElo "1848"]
[BlackElo "1981"]
[PlyCount "56"]
[EventDate "2018.??.??"]

1. Nf3 {[%clk 00:07:03]} 1... Nf6 {[%clk 00:07:05]} 2. c4 {
[%clk 00:07:02]  [%emt 00:00:10]} 2... g6 {[%clk 00:07:06]} 3. Nc3 {
[%clk 00:07:00]  [%emt 00:00:06]} 3... Bg7 {[%clk 00:07:07]} 4. d4 {
[%clk 00:06:53]  [%emt 00:00:06]} 4... d6 {[%clk 00:07:07]  [%emt 00:00:32]} 5.
e3 {[%clk 00:06:39]  [%emt 00:00:04]} 5... O-O {[%clk 00:07:07]} 6. Be2 {
[%clk 00:06:40]} 6... Nbd7 {[%clk 00:07:08]} 7. Qc2 {
[%clk 00:06:35]  [%emt 00:00:06]} 7... b6 {[%clk 00:07:05]  [%emt 00:00:04]} 8.
O-O {[%clk 00:06:32]  [%emt 00:00:09]} 8... Bb7 {
[%clk 00:07:07]  [%emt 00:00:04]} 9. b4 {[%clk 00:06:07]  [%emt 00:00:19]} 9...
a5 {[%clk 00:07:02]  [%emt 00:00:06]} 10. bxa5 {
[%clk 00:05:42]  [%emt 00:00:27]} 10... Rxa5 {[%clk 00:07:02]  [%emt 00:00:13]}
11. Bd2 {[%clk 00:05:38]  [%emt 00:00:22]} 11... Ra8 {[%emt 00:00:20]} 12. Rfb1
{[%clk 00:05:00]  [%emt 00:00:06]} 12... e5 {[%clk 00:06:50]  [%emt 00:00:08]}
13. h3 {[%clk 00:04:47]  [%emt 00:00:16]} 13... Re8 {
[%clk 00:06:52]  [%emt 00:00:19]} 14. a4 {[%clk 00:03:55]  [%emt 00:00:38]}
14... exd4 {[%clk 00:06:26]  [%emt 00:00:31]} 15. exd4 {
[%clk 00:03:31]  [%emt 00:00:24]} 15... Ne4 {[%clk 00:06:27]  [%emt 00:00:41]}
16. Nxe4 {[%clk 00:03:02]  [%emt 00:00:06]} 16... Bxe4 {[%clk 00:06:26]} 17.
Bd3 {[%clk 00:03:02]} 17... Bxf3 {[%clk 00:06:27]  [%emt 00:00:06]} 18. gxf3 {
[%clk 00:03:04]} 18... Bxd4 {[%clk 00:06:25]} 19. Be4 {
[%clk 00:02:45]  [%emt 00:00:18]} 19... Bxa1 {[%clk 00:06:00]  [%emt 00:00:28]}
20. Rxa1 {[%clk 00:02:37]  [%emt 00:00:14]} 20... Qh4 {
[%clk 00:04:53]  [%emt 00:01:45]} 21. Bxa8 {[%clk 00:02:07]  [%emt 00:00:06]}
21... Rxa8 {[%clk 00:04:52]} 22. Kg2 {[%clk 00:01:29]  [%emt 00:00:34]} 22...
Ne5 {[%clk 00:04:52]  [%emt 00:00:10]} 23. Qc1 {
[%clk 00:01:07]  [%emt 00:00:18]} 23... Qxc4 {[%clk 00:04:29]  [%emt 00:00:25]}
24. Qb2 {[%clk 00:00:55]  [%emt 00:00:43]} 24... Qd3 {[%clk 00:04:20]} 25. Be3
{[%clk 00:00:43]  [%emt 00:00:04]} 25... Qf5 {[%clk 00:04:13]  [%emt 00:00:06]}
26. Qc1 {[%clk 00:00:19]  [%emt 00:00:27]} 26... Qxf3+ {
[%clk 00:04:09]  [%emt 00:00:13]} 27. Kg1 {[%clk 00:00:19]} 27... Qxh3 {
[%clk 00:04:06]  [%emt 00:00:04]} 28. Ra3 {[%clk 00:00:20]  [%emt 00:00:04]}
28... Nf3# {[%clk 00:04:05]  [%emt 00:00:03]} 0-1

[Event "Torneo Aficionados Sub-2000 Utiel"]
[Site "Utiel, Spain"]
[Date "2018.08.26"]
[Round "7.2"]
[White "Perez Perez, Eugenio"]
[Black "Fernandez Garcia, Olmo"]
[Result "0-1"]
[WhiteElo "1844"]
[BlackElo "1834"]
[PlyCount "120"]
[EventDate "2018.??.??"]

1. b3 {[%clk 00:07:02]} 1... Nf6 {[%clk 00:07:01]} 2. Bb2 {[%clk 00:07:04]}
2... g6 {[%clk 00:07:02]} 3. e3 {[%clk 00:07:05]} 3... Bg7 {
[%clk 00:07:03]  [%emt 00:00:09]} 4. c4 {[%clk 00:07:06]} 4... O-O {
[%clk 00:07:01]} 5. d4 {[%clk 00:07:05]} 5... d6 {[%clk 00:07:02]} 6. Nf3 {
[%clk 00:07:06]  [%emt 00:00:03]} 6... Re8 {[%clk 00:07:02]} 7. Be2 {
[%clk 00:07:07]} 7... Nbd7 {[%clk 00:06:57]  [%emt 00:00:04]} 8. O-O {
[%clk 00:07:08]  [%emt 00:00:04]} 8... b6 {[%clk 00:06:53]  [%emt 00:00:07]} 9.
Nc3 {[%clk 00:07:03]  [%emt 00:00:10]} 9... Bb7 {
[%clk 00:06:53]  [%emt 00:00:04]} 10. Re1 {[%clk 00:07:04]} 10... e5 {
[%clk 00:06:52]  [%emt 00:00:09]} 11. Qc2 {[%clk 00:06:58]  [%emt 00:00:14]}
11... Qe7 {[%clk 00:05:49]  [%emt 00:00:51]} 12. Rad1 {
[%clk 00:06:57]  [%emt 00:00:07]} 12... h5 {[%clk 00:05:20]  [%emt 00:00:29]}
13. Nb5 {[%clk 00:06:59]  [%emt 00:00:28]} 13... Rec8 {
[%clk 00:04:54]  [%emt 00:00:14]} 14. Ba3 {[%clk 00:06:43]  [%emt 00:00:07]}
14... a6 {[%clk 00:04:50]  [%emt 00:00:29]} 15. Nc3 {
[%clk 00:05:35]  [%emt 00:00:49]} 15... Nh7 {[%clk 00:04:15]  [%emt 00:00:48]}
16. Ne4 {[%clk 00:04:41]  [%emt 00:00:46]} 16... Ndf6 {
[%clk 00:02:57]  [%emt 00:01:24]} 17. Neg5 Nxg5 {[%clk 00:02:51]} 18. Nxg5 {
[%clk 00:04:12]  [%emt 00:00:03]} 18... Ng4 {[%clk 00:02:25]  [%emt 00:00:04]}
19. Nf3 {[%clk 00:04:04]  [%emt 00:00:10]} 19... e4 {
[%clk 00:02:15]  [%emt 00:00:15]} 20. Nd2 {[%clk 00:03:58]  [%emt 00:00:09]}
20... Qh4 {[%clk 00:02:01]  [%emt 00:00:15]} 21. Bxg4 {
[%clk 00:03:58]  [%emt 00:00:17]} 21... Qxg4 {[%clk 00:01:57]  [%emt 00:00:03]}
22. h3 {[%clk 00:03:52]} 22... Qh4 {[%clk 00:01:50]  [%emt 00:00:07]} 23. Kh2 {
[%clk 00:03:47]  [%emt 00:00:36]} 23... Re8 {[%clk 00:01:31]  [%emt 00:00:04]}
24. g3 {[%clk 00:03:20]  [%emt 00:00:20]} 24... Qf6 {
[%clk 00:01:27]  [%emt 00:00:14]} 25. Bb2 {[%clk 00:03:10]  [%emt 00:00:09]}
25... Qxf2+ {[%clk 00:01:23]  [%emt 00:00:07]} 26. Kh1 {
[%clk 00:03:08]  [%emt 00:00:06]} 26... Qxg3 {[%clk 00:01:21]  [%emt 00:00:06]}
27. Nf1 {[%clk 00:03:05]  [%emt 00:00:10]} 27... Qxh3+ {
[%clk 00:01:17]  [%emt 00:00:08]} 28. Nh2 {[%clk 00:03:05]} 28... Bh6 {
[%clk 00:01:07]  [%emt 00:00:16]} 29. Qf2 {[%clk 00:03:03]} 29... Bg5 {
[%clk 00:00:54]  [%emt 00:00:11]} 30. Bc1 {[%clk 00:02:56]  [%emt 00:00:12]}
30... Bh4 {[%clk 00:00:51]  [%emt 00:00:10]} 31. Qf1 {
[%clk 00:02:53]  [%emt 00:00:03]} 31... Qxf1+ {[%clk 00:00:42]  [%emt 00:00:12]
} 32. Rxf1 {[%clk 00:02:55]  [%emt 00:00:03]} 32... Re6 {
[%clk 00:00:36]  [%emt 00:00:05]} 33. d5 {[%clk 00:02:46]  [%emt 00:00:15]}
33... Rf6 {[%clk 00:00:36]  [%emt 00:00:04]} 34. Bb2 {
[%clk 00:02:46]  [%emt 00:00:04]} 34... Rf2 {[%clk 00:00:32]  [%emt 00:00:05]}
35. Rxf2 {[%clk 00:02:44]  [%emt 00:00:07]} 35... Bxf2 {
[%clk 00:00:34]  [%emt 00:00:06]} 36. Nf1 {[%clk 00:02:46]} 36... f5 {
[%clk 00:00:28]  [%emt 00:00:07]} 37. Rd2 {[%clk 00:02:46]  [%emt 00:00:04]}
37... Bh4 {[%clk 00:00:27]} 38. Rh2 {[%clk 00:02:36]  [%emt 00:00:07]} 38...
Be7 {[%clk 00:00:27]  [%emt 00:00:29]} 39. Rg2 {[%clk 00:02:37]} 39... Kf7 {
[%clk 00:00:28]  [%emt 00:00:04]} 40. Ng3 {[%clk 00:02:36]} 40... Bf6 {
[%clk 00:00:29]} 41. Bc1 {[%clk 00:02:35]} 41... Rh8 {[%clk 00:00:28]} 42. Ne2
{[%clk 00:02:36]} 42... c6 {[%clk 00:00:28]  [%emt 00:00:04]} 43. dxc6 {
[%clk 00:02:36]} 43... Bxc6 {[%clk 00:00:29]} 44. Nf4 {
[%clk 00:02:37]  [%emt 00:00:03]} 44... g5 {[%clk 00:00:29]} 45. Nh3 {
[%clk 00:02:25]  [%emt 00:00:15]} 45... Kg6 {[%clk 00:00:30]  [%emt 00:00:03]}
46. Nf4+ {[%clk 00:02:25]  [%emt 00:00:03]} 46... Kf7 {[%clk 00:00:31]} 47. Nh3
{[%clk 00:02:26]  [%emt 00:00:04]} 47... Rg8 {[%clk 00:00:32]  [%emt 00:00:08]}
48. Ba3 {[%clk 00:02:27]} 48... Ke6 {[%clk 00:00:28]  [%emt 00:00:08]} 49. Rd2
{[%clk 00:02:27]  [%emt 00:00:04]} 49... Be5 {[%clk 00:00:29]} 50. Kg2 {
[%clk 00:02:20]  [%emt 00:00:05]} 50... f4 {[%clk 00:00:30]  [%emt 00:00:08]}
51. Kf2 {[%clk 00:02:12]  [%emt 00:00:13]} 51... fxe3+ {[%clk 00:00:29]} 52.
Kxe3 {[%clk 00:02:13]  [%emt 00:00:04]} 52... g4 {[%clk 00:00:28]} 53. Nf4+ {
[%clk 00:02:11]  [%emt 00:00:04]} 53... Bxf4+ {[%clk 00:00:28]  [%emt 00:00:03]
} 54. Kxf4 {[%clk 00:02:13]} 54... d5 {[%clk 00:00:25]  [%emt 00:00:07]} 55.
cxd5+ {[%clk 00:02:12]  [%emt 00:00:06]} 55... Bxd5 {[%clk 00:00:27]} 56. Rh2 {
[%clk 00:02:08]  [%emt 00:00:06]} 56... g3 {[%clk 00:00:17]  [%emt 00:00:13]}
57. Rxh5 {[%clk 00:01:27]  [%emt 00:00:40]} 57... g2 {
[%clk 00:00:14]  [%emt 00:00:12]} 58. Rh6+ {[%clk 00:01:29]} 58... Kd7 {
[%clk 00:00:15]} 59. Rh7+ {[%clk 00:01:30]  [%emt 00:00:04]} 59... Kc6 {
[%clk 00:00:16]  [%emt 00:00:04]} 60. Rh6+ {[%clk 00:01:30]} 60... Kb5 {
[%clk 00:00:16]} 0-1

[Event "Torneo Aficionados Sub-2000 Utiel"]
[Site "Utiel, Spain"]
[Date "2018.08.26"]
[Round "7.3"]
[White "Corrales Ucles, Eduardo"]
[Black "Perez Garcia, Juan Angel"]
[Result "0-1"]
[WhiteElo "1936"]
[BlackElo "1954"]
[PlyCount "116"]
[EventDate "2018.??.??"]

1. d4 {[%clk 00:07:03]  [%emt 00:00:05]} 1... g6 {[%clk 00:07:05]} 2. Bf4 {
[%emt 00:00:09]} 2... Bg7 {[%clk 00:07:01]} 3. e3 {
[%clk 00:07:05]  [%emt 00:00:04]} 3... c5 {[%clk 00:07:03]} 4. c3 {
[%clk 00:07:06]  [%emt 00:00:04]} 4... cxd4 {[%clk 00:07:05]} 5. exd4 {
[%clk 00:07:07]  [%emt 00:00:04]} 5... Nf6 {[%clk 00:07:05]} 6. Nf3 {
[%clk 00:06:59]  [%emt 00:00:09]} 6... d6 {[%emt 00:00:06]} 7. h3 {
[%clk 00:06:58]  [%emt 00:00:05]} 7... O-O {[%clk 00:07:08]} 8. Nbd2 {
[%clk 00:06:54]  [%emt 00:00:05]} 8... Nc6 {[%clk 00:07:09]} 9. Bd3 {
[%clk 00:06:14]  [%emt 00:00:44]} 9... a6 {[%clk 00:07:08]  [%emt 00:00:05]}
10. O-O {[%clk 00:06:00]  [%emt 00:00:15]} 10... b5 {
[%clk 00:06:53]  [%emt 00:00:18]} 11. Ne4 {[%clk 00:05:50]  [%emt 00:00:14]}
11... Nd5 {[%clk 00:06:51]  [%emt 00:00:05]} 12. Bg3 {
[%clk 00:05:47]  [%emt 00:00:06]} 12... Bb7 {[%clk 00:06:49]  [%emt 00:00:05]}
13. Re1 {[%clk 00:05:15]  [%emt 00:00:35]} 13... Rc8 {
[%clk 00:06:47]  [%emt 00:00:07]} 14. a4 {[%clk 00:04:43]  [%emt 00:00:32]}
14... b4 {[%clk 00:06:14]  [%emt 00:00:40]} 15. c4 {
[%clk 00:04:26]  [%emt 00:00:16]} 15... Nb6 {[%clk 00:06:05]  [%emt 00:00:13]}
16. c5 {[%clk 00:03:33]  [%emt 00:00:55]} 16... dxc5 {
[%clk 00:04:59]  [%emt 00:01:10]} 17. Nxc5 {[%clk 00:03:27]  [%emt 00:00:07]}
17... Ba8 {[%clk 00:04:30]  [%emt 00:00:36]} 18. Bxa6 {
[%clk 00:03:18]  [%emt 00:00:09]} 18... Nxd4 {[%clk 00:04:23]  [%emt 00:00:10]}
19. Nxd4 {[%clk 00:02:48]  [%emt 00:00:36]} 19... Rxc5 {
[%clk 00:04:11]  [%emt 00:00:12]} 20. Nf3 {[%clk 00:02:31]  [%emt 00:00:20]}
20... Bxb2 {[%clk 00:03:45]  [%emt 00:00:30]} 21. Qxd8 {
[%clk 00:02:11]  [%emt 00:00:22]} 21... Rxd8 {[%clk 00:03:47]} 22. Rab1 {
[%clk 00:01:55]  [%emt 00:00:20]} 22... Nxa4 {[%clk 00:03:36]  [%emt 00:00:19]}
23. Rxe7 {[%clk 00:01:47]  [%emt 00:00:07]} 23... Bxf3 {
[%clk 00:02:32]  [%emt 00:01:06]} 24. gxf3 {[%clk 00:01:46]  [%emt 00:00:06]}
24... Bc3 {[%clk 00:02:33]  [%emt 00:00:04]} 25. Bc7 {
[%clk 00:01:32]  [%emt 00:00:12]} 25... Rd4 {[%clk 00:02:13]  [%emt 00:00:24]}
26. Re8+ {[%clk 00:01:18]  [%emt 00:00:17]} 26... Kg7 {
[%clk 00:02:12]  [%emt 00:00:05]} 27. Be5+ {[%clk 00:01:14]  [%emt 00:00:05]}
27... Rxe5 {[%clk 00:02:13]  [%emt 00:00:06]} 28. Rxe5 {
[%clk 00:01:12]  [%emt 00:00:04]} 28... Rf4 {[%clk 00:02:01]  [%emt 00:00:12]}
29. Ra5 {[%clk 00:01:06]  [%emt 00:00:11]} 29... Nb2 {
[%clk 00:01:59]  [%emt 00:00:04]} 30. Bb7 {[%clk 00:01:02]  [%emt 00:00:08]}
30... Nd3 {[%clk 00:02:00]} 31. Rd5 {[%emt 00:00:30]} 31... Ne5 {
[%emt 00:00:04]} 32. Rb5 {[%clk 00:00:49]  [%emt 00:00:04]} 32... Nxf3+ {
[%clk 00:01:46]  [%emt 00:00:05]} 33. Bxf3 {[%clk 00:00:49]  [%emt 00:00:05]}
33... Rxf3 {[%clk 00:01:48]} 34. Kg2 {[%clk 00:00:50]} 34... Rf4 {
[%clk 00:01:47]  [%emt 00:00:05]} 35. Rb3 {[%clk 00:00:48]  [%emt 00:00:06]}
35... h5 {[%clk 00:01:43]  [%emt 00:00:06]} 36. Ra5 {
[%clk 00:00:47]  [%emt 00:00:04]} 36... h4 {[%clk 00:01:41]  [%emt 00:00:05]}
37. Ra4 {[%clk 00:00:41]  [%emt 00:00:06]} 37... Rf5 {
[%clk 00:01:41]  [%emt 00:00:05]} 38. Raxb4 {[%clk 00:00:38]  [%emt 00:00:06]}
38... Bxb4 {[%clk 00:01:43]  [%emt 00:00:07]} 39. Rxb4 {[%clk 00:00:40]} 39...
g5 {[%clk 00:01:42]} 40. Rg4 {[%clk 00:00:40]  [%emt 00:00:04]} 40... Kg6 {
[%clk 00:01:42]} 41. Ra4 {[%clk 00:00:38]  [%emt 00:00:06]} 41... Rf4 {
[%clk 00:01:40]  [%emt 00:00:06]} 42. Ra6+ {[%clk 00:00:38]  [%emt 00:00:04]}
42... f6 {[%clk 00:01:42]} 43. Ra8 {[%clk 00:00:40]} 43... g4 {
[%clk 00:01:34]  [%emt 00:00:10]} 44. Rg8+ {[%clk 00:00:39]  [%emt 00:00:05]}
44... Kf5 {[%clk 00:01:35]} 45. hxg4+ {[%clk 00:00:26]  [%emt 00:00:16]} 45...
Rxg4+ {[%clk 00:01:37]} 46. Rxg4 {[%clk 00:00:23]  [%emt 00:00:09]} 46... Kxg4
{[%clk 00:01:39]} 47. Kh2 {[%clk 00:00:23]  [%emt 00:00:05]} 47... f5 {
[%clk 00:01:38]  [%emt 00:00:05]} 48. Kg2 {[%clk 00:00:24]} 48... Kf4 {
[%clk 00:01:33]  [%emt 00:00:06]} 49. Kh3 {[%clk 00:00:15]  [%emt 00:00:12]}
49... Kg5 {[%clk 00:01:26]  [%emt 00:00:10]} 50. Kg2 {
[%clk 00:00:17]  [%emt 00:00:05]} 50... Kg4 {[%clk 00:01:28]} 51. Kh2 {
[%clk 00:00:16]  [%emt 00:00:04]} 51... h3 {[%clk 00:01:23]  [%emt 00:00:04]}
52. f4 {[%clk 00:00:06]  [%emt 00:00:14]} 52... Kxf4 {
[%clk 00:01:18]  [%emt 00:00:14]} 53. Kxh3 {[%clk 00:00:07]} 53... Ke3 {
[%clk 00:01:18]} 54. Kg2 {[%clk 00:00:09]  [%emt 00:00:04]} 54... f4 {
[%clk 00:01:15]  [%emt 00:00:05]} 55. Kg1 {[%clk 00:00:04]  [%emt 00:00:06]}
55... Ke2 {[%clk 00:01:16]} 56. Kg2 {[%clk 00:00:05]  [%emt 00:00:05]} 56...
f3+ {[%clk 00:01:19]} 57. Kg1 {[%clk 00:00:05]  [%emt 00:00:04]} 57... f2+ {
[%clk 00:01:20]} 58. Kh2 {[%clk 00:00:06]  [%emt 00:00:05]} 58... f1=Q {
[%emt 00:00:31]} 0-1